Представление документа в формате MARC21

ПолеНазваниеЗначение
  Тип записи a
  Библиографический уровень m
001 Контрольный номер RU\infra-m\znanium\bibl\2234127
005 Дата корректировки 20260429142058.6
008 Кодируемые данные 260407s2026 RU g rus u
020 Индекс ISBN __
a ISBN 978-5-16-021672-0
020 Индекс ISBN __
a ISBN 978-5-16-114455-8 (электр. издание)
040 Источник каталогиз. __
a Служба первич. каталог. Общество с ограниченной ответственностью «ЗНАНИУМ»
041 Код языка издания __
a Код языка текста rus
044 Код страны публикации __
a Код страны публикации RU
080 Индекс УДК __
a Индекс УДК 811.111(075.8)
084 Индекс другой классификации/Индекс ББК __
2 Источник индекса rubbk
a Индекс другой классификации/Индекс ББК 81.2Англ.я73
084 Индекс другой классификации/Индекс ББК __
2 Источник индекса okso
a Индекс другой классификации/Индекс ББК 19.02.11
084 Индекс другой классификации/Индекс ББК __
2 Источник индекса okso
a Индекс другой классификации/Индекс ББК 19.02.15
084 Индекс другой классификации/Индекс ББК __
2 Источник индекса okso
a Индекс другой классификации/Индекс ББК 19.03.02
084 Индекс другой классификации/Индекс ББК __
2 Источник индекса okso
a Индекс другой классификации/Индекс ББК 19.04.01
084 Индекс другой классификации/Индекс ББК __
2 Источник индекса okso
a Индекс другой классификации/Индекс ББК 19.04.02
084 Индекс другой классификации/Индекс ББК __
2 Источник индекса okso
a Индекс другой классификации/Индекс ББК 35.03.05
084 Индекс другой классификации/Индекс ББК __
2 Источник индекса okso
a Индекс другой классификации/Индекс ББК 35.03.07
084 Индекс другой классификации/Индекс ББК __
2 Источник индекса okso
a Индекс другой классификации/Индекс ББК 35.04.05
100 Автор __
a Автор Анюшенкова О.Н.
q Полное имя Анюшенкова Ольга Николаевна
u Дополнение Финансовый университет при Правительстве Российской Федерации
245 Заглавие __
a Заглавие Английский язык: виноградарство и виноделие = English for Viticulture and Winemaking
b Продолж. заглавия Учебник
c Ответственность Финансовый университет при Правительстве Российской Федерации
250 Сведения об издании __
a Основные сведения об издании 1
260 Выходные данные __
a Место издания Москва
b Издательство ООО "Научно-издательский центр ИНФРА-М"
c Дата издания 2026
300 Физическое описание __
a Объем 460 с.
440 Серия __
a Серия Профессиональный иностранный язык
520 Аннотация __
a Аннотация Учебник представляет собой комплексное пособие по английскому языку позволяющее сформировать и развить навыки профессионального общения на английском языке в контексте международной винной индустрии. Последовательно рассматривает все этапы производства вина — от закладки виноградника до продвижения готового продукта на рынок. Включены материалы посвященные истории и специфике российского виноделия а также современным правовым нормам таким как система Protected Geographical Indications (PGI). Тексты словарь терминов и упражнения нацелены на активное усвоение специальной лексики необходимой для чтения технической документации ведения переговоров с иностранными партнерами написания научных статей и участия в международных конференциях. В приложениях собраны ключевые аналитические параметры вина характеристики основных сортов винограда и обзор мировых винодельческих регионов. Соответствует требованиям федеральных государственных образовательных стан дартов высшего образования последнего поколения. Для студентов аграрных и технологических вузов обучающихся по специальностям «Виноградарство и виноделие» «Технология бродильных производств» а также для практикующих виноградарей виноделов сомелье винных журналистов и всех кто стремится сделать карьеру в винной индустрии как в России так и на международном уровне. Материалы учебника могут быть использованы как на практических занятиях так и для самостоятельной работы.
521 Примеч. о цел. назн. __
a Примеч. о целев. назн. Профессиональное образование
650 Тематические рубрики __
a Основная рубрика Филологические науки
x Основная подрубрика Английский язык
655 Указ. предметных рубрик (устаревшее) __
a Жанр/ форма (устаревшее) Учебник
856 Электронный адрес документа 4_
a Имя сервера/домена znanium.ru
m Помощь ebs_support@infra-m.ru
n Местонахождение сервера НИЦ ИНФРА-М
u URL https://znanium.ru/catalog/document?id=480997
856 Электронный адрес документа 48
a Имя сервера/домена znanium.ru
d Путь /cover/2234
f Электронное имя 2234127.jpg
q Тип электронного формата image/jpeg
u URL https://znanium.ru/cover/2234/2234127.jpg
911 __
u 0030=https://znanium.ru/catalog/document?id=480997